1431 1464 1907 1794 1797 1179 1476 1898 1387 1223 1182 1611 1648 1551 1886 1424 1468 1337 1671 1546 1458 1274 1666 1246 1246 1092 1071 1778 1829 1750 1908 1030 1060 1750 1499 1199 1021 1892 1647 1740 1608 1321 1535 1398 1427 1077 1320 1710 1476 1112 1756 1933 1787 1464 1963 1325 1036 1248 1745 1935 1793 1505 1120 1494 1676 1571 1919 1207 1327 1138 1876 1860 1110 1483 1754 1025 1430 1660 1747 1146 1760 1853 1220 1384 1732 1837 1986 1519 1804 1951 1419 1103 1507 1398 1916 1675 1261 1354 1589 BCNSPRNW ULIB Ver.6.0+V

เปลี่ยนเป็นภาษาไทย

Change to English
 แสดงรายละเอียดบรรณานุกรม
  กลับหน้าหลัก

Brief Record : Get Marc (ISO 2709) : E-mail record : QR code < ปิดหน้าต่าง
LEADER : 00000nam 2200000uu 4500
001    13399109577
003     ULIB
008    110405s2545||||th 000 0 tha d
020    9746350137
060 04 WB354^bภ388ย 2545
100 0  ภารุณี ถนอมเกียรติ
245 10 ยาฉีด =^bParenteral preparations /^cภารุณี ถนอมเกียรติ
246 31 Parenteral preparations
250    ฉบับปรับปรุงใหม่
260    กรุงเทพฯ :^bภาควิชาเภสัชอุตสาหกรรม คณะเภสัชศาสตร์จุฬาลงกรณ์มหาวิทยาลัย,^c2545
300    [5], 219 หน้า :^bภาพประกอบ ;^c29 ซม
504    บรรณานุกรม
650  7 ยาฉีด
653    รูปแบบของยา
710 2  จุฬาลงกรณ์มหาวิทยาลัย. ^bคณะเภสัชศาสตร์.^bภาควิชาเภสัชอุตสาหกรรม
945    ^p250^l0^i015611
945    ^p250^l0^i015610
995    ทศพร
999 ^a ใช้งานได้ทุกระบบ
รายการนี้ยังไม่มีแท็ก
คุณยังไม่ได้ล็อกอิน คุณสามารถมีกิจกรรมร่วมกับเว็บไซต์ได้ แต่ต้องล็อกอินก่อน ::
  ล็อกอิน

รายการสื่อสารสนเทศ

ลำดับที่ ประเภท เลขเรียก/บาร์โค้ด สถานที่ สถานะ
- ไม่พบข้อมูล -

รายการใกล้เคียง
    ผู้แต่ง [ภารุณี ถนอมเกียรติ]

    หัวเรื่อง [ยาฉีด]

BibComment


ยังไม่เคยถูกคอมเมนท์

คอมเมนท์ทรัพยากรรายการนี้
  คอมเมนท์: ยาฉีด Parenteral..


 Copyright 2026. Bcnsprnw @Library